000 00208nam a22000857a 4500
999 _c11189
_d11189
008 181008b ||||| |||| 00| 0 eng d
100 _aKipling Rudyard
_96946
245 _aKim
260 _aNew Delhi
_bCampfire
_c2016